000 00413nam a2200169Ia 4500
001 39448
008 140423s9999 xx 000 0 und d
020 _aNA
040 _cPK-LaUMT
082 _a 291.175
_bWAH-M
100 _aWaheed ud Din Khan
245 _aMazhab aur science (Urdu)
_cWaheed ud Din Khan
260 _aLahore,Pakistan:
_bDaruttazkeer,
_c2007
300 _a96 p.
546 _aUR
942 _cBK
999 _c38757
_d38757